LEADER 01446naa a2200253 u 4500 001 000000099964 003 CaOOAMICUS 005 20070226130201.0 008 051014s1986 it u000 u ita u 020 $a8815011560 035 $a11063766 040 $aIAR$bita 100 1 $aBaldini, Ugo.$0(OLS)http://pul/name/62684 245 14$aUna fonte poco utilizzata per la storia intellettuale :$bLe "censurae librorum" e "opinionum" nell'antica Compagnia di Gesù /$cUgo Baldini. 260 $aBologna :$bIl Mulino,$c1986. 300 $aS. 19-68 ;$c24 cm 610 24$aGesuiti$xStoria.$0(OLS)http://pul/subject/907 730 0 $aAnnali dell'Istituto storico italo-germanico in Trento = Jahrbuch des Italienisch-Deutschen Historischen Instituts in Trient$g[Spogli].$0(OLS)http://pul/title/8676 773 0 $aJahrbuch des italienisch-deutschen historischen Instituts in Trient.$g11 (1985) 773 0 $aAnnali dell'Istituto storico italo.germanico in Trento.$g11 (1985) 773 0 $aIstituto storico italo-germanico.$tAnnali dell'Istituto storico italo-germanico in Trento = Jahrbuch des Italienisch-Deutschen Historischen Instituts in Trient$w()5918 996 $6020$a8815011560$9(OLS)http://pul/number/129536 996 $6245$aUna fonte poco utilizzata per la storia intellettuale :$bLe "censurae librorum" e "opinionum" nell'antica Compagnia di Gesù$9(OLS)http://pul/title/126842 996 $6260$aBologna :$bIl Mulino$9(OLS)http://pul/publisher/47928 LEADER 01308nam a2200265 a 4500 001 000000155727 003 CaOOAMICUS 005 20161103093639.0 008 161103s1988 it u000 u eng r 032 $aLibriCat 040 $aPUL$bita 100 1 $aFulton, David I.$0(OLS)http://pul/name/99189 245 10$aPreservation of human life in the medical ethics of Paul Ramsey /$cDavid I. Fulton. 260 $aRoma :$bPontificia Università S. Tommaso d'Aquino,$c1988. 300 $ax, 253 p. ;$c24 cm. 500 $aIn testa al front.: Pontificia Studiorum Universitas a S. Thoma Aq. in Urbe. 502 $aTesi -- Pontificiam Universitatem S. Thomae de Urbe, Facultate S. Theologiae, 1988. 504 $aBibliografia in nota. 600 14$aRamsey, Paul.$0(OLS)http://pul/subject/43894 710 2 $aPontificia Università S. Tommaso.$bFacoltà di teologia.$kTesi.$0(OLS)http://pul/name/81834 850 $aPUL 852 $aPUL$W1$xDP1 Tesi Pon. Univ. S. Tommaso$y44$mTH S.THOM TH739$j178876$qTesi$B182046$CPULBib$Z2$F182046 $H60148 $81 996 $6245$aPreservation of human life in the medical ethics of Paul Ramsey$9(OLS)http://pul/title/195388 996 $6260$aRoma :$bPontificia Università S. Tommaso d'Aquino$9(OLS)http://pul/publisher/74417